01550nam a2200361 a 4500001001200000003000800012006001900020007001500039008004100054010001700095020003300112020003500145040002100180035002100201043001200222050002600234082002000260100003700280245014500317260005200462300002400514504005100538533015200589650004700741650003900788650005400827650004600881651007000927655002900997710001701026856012601043999001901169ebr10182526CaPaEBRm u cr cn|||||||||031027s2004 paua sb 001 0 eng  z 2003064568 z1592132510 (cl : alk. paper) z1592132529 (pbk. : alk. paper) aCaPaEBRcCaPaEBR a(OCoLC)213304706 an-us---14aE184.S64bA415 2004eb04a973/.0491872221 aAlexander, June Granatir,d1948-10aEthnic pride, American patriotismh[electronic resource] :bSlovaks and other new immigrants in the interwar era /cJune Granatir Alexander. aPhiladelphia :bTemple University Press,c2004. axiv, 278 p. :bill. aIncludes bibliographical references and index. aElectronic reproduction.bPalo Alto, Calif. :cebrary,d2013.nAvailable via World Wide Web.nAccess may be limited to ebrary affiliated libraries. 0aSlovak AmericansxPolitics and government. 0aSlovak AmericansxEthnic identity. 0aEast European AmericansxPolitics and government. 0aEast European AmericansxEthnic identity. 0aUnited StatesxEmigration and immigrationxHistoryy20th century. 7aElectronic books.2local2 aebrary, Inc.40uhttp://site.ebrary.com/lib/rucke/Doc?id=10182526zAn electronic book accessible through the World Wide Web; click to view c238938d238938